000 00736nam a2200193Ia 4500
008 151119s9999||||xx |||||||||||||| ||und||
082 _a616
082 _bGKKV23542
100 _aगाला धनलाल
245 _aमधुमेह आणि उच्च रक्तदाब दूर ठेवा जन्मभर
260 _a--
260 _b--
260 _c0
600 _aगाला धनलाल
630 _aमधुमेह आणि उच्च रक्तदाब दूर ठेवा जन्मभर
700 _aगाला धनलाल
730 _aमधुमेह आणि उच्च रक्तदाब दूर ठेवा जन्मभर
942 _cBOOK
999 _c1076181
_d1076178